书目信息 |
| 题名: |
屠维能画集
|
|
| 作者: | 王占娥 主编 | |
| 分册: | ||
| 出版信息: | 石家庄 河北美术出版社 2008.04 |
|
| 页数: | 45页 | |
| 开本: | 30cm | |
| 丛书名: | 艺术情缘·名家经典系列 | |
| 单 册: | ||
| 中图分类: | J225 | |
| 科图分类: | ||
| 主题词: | 水彩画--作品集--中国--现代 | |
| 电子资源: | ||
| ISBN: | 978-7-5310-3053-9 | |
| 000 | 00715nam 2200241 450 | |
| 001 | 1060261390 | |
| 005 | 20100814170517.76 | |
| 010 | @a978-7-5310-3053-9@dCNY26.00 | |
| 100 | @a20100515d2008 km y0chiy0120 ea | |
| 101 | 0 | @achi |
| 102 | @aCN@b130000 | |
| 105 | @aa z 000yy | |
| 200 | 1 | @a屠维能画集@Atu wei neng hua ji@f王占娥主编@Fwang zhan e zhu bian |
| 210 | @a石家庄@c河北美术出版社@d2008.04 | |
| 215 | @a45页@c图@d30cm | |
| 225 | 2 | @a艺术情缘·名家经典系列 |
| 330 | @a本书收集了屠维能的多幅优秀画作。 | |
| 410 | 0 | @12001 @a艺术情缘·名家经典系列 |
| 606 | 0 | @a水彩画@x作品集@y中国@z现代 |
| 690 | @aJ225@v4 | |
| 701 | 0 | @a王占娥@Awang zhan e@4主编 |
| 801 | 0 | @aCN@c20100515 |
| 905 | @dJ225@eT931@f3 | |
| 屠维能画集/王占娥主编.-石家庄:河北美术出版社,2008.04 |
| 45页:图;30cm.-(艺术情缘·名家经典系列) |
| ISBN 978-7-5310-3053-9:CNY26.00 |
| 本书收集了屠维能的多幅优秀画作。 |
| ● |
| 相关链接 |
|
|
|
正题名:屠维能画集
索取号:J225/T931
 
预约/预借
| 序号 | 登录号 | 条形码 | 馆藏地/架位号 | 状态 | 备注 |
| 1 | 1029899 | 210298998 | 社科库309/309社科库 76排2列5层/ [索取号:J225/T931] | 在馆 | |
| 2 | 1029900 | 210299005 | 社科库309/309社科库 76排2列5层/ [索取号:J225/T931] | 在馆 | |
| 3 | 1029901 | 210299014 | 自科二线404/309社科库 76排2列5层/ [索取号:J225/T931] | 在馆 |